000 00348nam a2200145Ia 4500
008 240624s9999 xx 000 0 und d
041 _aeng
082 _a368.30122 TIL
100 _aTILLER JOHN E
245 _aLIFE HEALTH AND ANNUITY REINSURANCE
250 _a(3rd ed.)
260 _c2005
_aWinsted
_bActex
300 _a649 : p.
365 _c
_b7
999 _c19130
_d19130